| 000 | 01439cam a2200385 a 4500 | ||
|---|---|---|---|
| 003 | CHAP | ||
| 005 | 20220329142108.0 | ||
| 008 | 990618d1990 mx a r 00010 spa d | ||
| 010 | _a78343 | ||
| 011 | _a79315 | ||
| 020 | _a9688407569 | ||
| 035 | _a89529 | ||
| 040 | _cCHAP | ||
| 082 | 0 | 4 |
_a372.41 _bH3Y |
| 100 | 0 | 0 |
_aHarri-Augstein, Sheila. _952830 |
| 245 | 1 | 0 |
_aLectura y aprendizaje _c/por Sheila Harri Augstein, Michael Smith y Laurie Thomas |
| 260 |
_aMéxico, D.F. : _bUniversidad Autónoma Metropolitana. Unidad Azcapotzalco. División de Ciencias Sociales y Humanidades, _c1990. |
||
| 300 |
_a151 p. : _bilus. ; gráfs. |
||
| 410 | 1 |
_aUAM. Unidad Azcapotzalco. _bDivisión de Ciencias Sociales y Humanidades |
|
| 490 | 0 | _aSerie Humanidades | |
| 590 |
_aBATCH-UPD _b10 _c20130110 _lUCH01 _h0349 |
||
| 590 |
_aBATCH-UPD _b10 _c20130110 _lUCH01 _h2030 |
||
| 590 |
_aCONVERSION _b10 _c20130109 _lUCH01 _h1343 |
||
| 650 | 1 | 4 |
_aAprendizaje. _96370 |
| 650 | 1 | 4 |
_aLecturabilidad. _965502 |
| 700 | 0 |
_aSmith, Michael. _9107085 |
|
| 700 | 0 |
_aThomas, Laurie. _9112847 |
|
| 810 | 1 |
_aUAM. Unidad Azcapotzalco. _bDivisión de Ciencias Sociales y Humanidades _9115979 |
|
| 830 | 0 | 0 |
_aSerie Humanidades _9104896 |
| 901 | _aBK | ||
| 905 | _aBlanca M. García O. | ||
| 942 | _cLIBRO | ||
| 949 |
_a372.41 H3Y _bBC _cLIBRO _d33724000726709 _eLIBRO _fc.2 _h95784 _i89529 _si |
||
| 949 |
_a372.41 H3Y _bBC _cLIBRO _d33724000726717 _eLIBRO _h95783 _i89529 _si |
||
| 999 |
_c78343 _d78343 |
||